'Greek' Countries (Europe) Quiz Stats

 Plays Quiz Updated Jan 22, 2017

Challenge
Share
Tweet
Embed
Score 0/28 Timer 04:00
0 Plays Today
ΛΕΤΤΕΡΣ COUNTRY % Correct
ΔΕΝΜΑΡΚDENMARK
95.4%
ΑΛΒΑΝΙΑALBANIA
95%
ΕΣΤΩΝΙΑESTONIA
94.7%
ΜΑΛΤΑMALTA
94.6%
ΣΕΡΒΙΑSERBIA
94.3%
ΜΟΝΑΚΩMONACO
94%
ΡΩΜΑΝΙΑROMANIA
94%
ΥΚΡΑΙΝΕUKRAINE
93.9%
ΜΟΝΤΕΝΕΓΡΩMONTENEGRO
93.6%
ΜΑΣΕΔΩΝΙΑMACEDONIA
92.9%
ΣΠΑΙΝSPAIN
92.9%
ΓΡΕΕΣΕGREECE
92.8%
ΚΡΩΑΤΙΑCROATIA
92.5%
ΛΙΕΧΤΕΝΣΤΕΙΝLIECHTENSTEIN
85.8%
ΛΕΤΤΕΡΣ COUNTRY % Correct
ΑΝΔΟΡΡΑANDORRA
84.5%
ΙΣΕΛΑΝΔICELAND
83.8%
ΒΕΛΓΙΥΜBELGIUM
83.4%
ΙΡΕΛΑΝΔIRELAND
83.4%
ΝΕΘΕΡΛΑΝΔΣNETHERLANDS
80.6%
ΒΕΛΑΡΥΣBELARUS
79.8%
ΒΥΛΓΑΡΙΑBULGARIA
78.8%
ΦΡΑΝΣΕFRANCE
72.5%
ΦΙΝΛΑΝΔFINLAND
71.8%
ΑΥΣΤΡΙΑAUSTRIA
71.3%
ΛΥΞΕΜΒΟΥΡΓLUXEMBOURG
66.1%
ΠΩΛΑΝΔPOLAND
66%
ΛΙΘΥΑΝΙΑLITHUANIA
65.8%
ΠΟΡΤΥΓΑΛPORTUGAL
62.6%

You're not logged in!

Compare scores with friends on all Sporcle quizzes.
OR
Log In

You Might Also Like...

Show Comments

Extras

Top Quizzes Today


Score Distribution

Your Account Isn't Verified!

In order to create a playlist on Sporcle, you need to verify the email address you used during registration. Go to your Sporcle Settings to finish the process.

Report this User

Report this user for behavior that violates our Community Guidelines.

Details: